|
|
|
|
| LEADER |
00000nam0a2200000 4500 |
| 001 |
257726 |
| 005 |
20231101233230.0 |
| 035 |
|
|
|a (RuTPU)RU\TPU\book\280543
|
| 090 |
|
|
|a 257726
|
| 100 |
|
|
|a 20140418d1971 k y0rusy50 ca
|
| 101 |
0 |
|
|a rus
|
| 102 |
|
|
|a RU
|
| 105 |
|
|
|a y z 000zy
|
| 200 |
1 |
|
|a Перечень рекомендуемых промышленных взрывчатых веществ
|f Академия наук СССР (АН СССР), Институт горного дела им. А. А. Скочинского (ИГД) ; сост. Б. Я. Светлов
|
| 210 |
|
|
|a Москва
|c Недра
|d 1971
|
| 215 |
|
|
|a 32 с.
|
| 606 |
1 |
|
|a Взрывчатые вещества
|x Горное дело
|2 stltpush
|3 (RuTPU)RU\TPU\subj\2402
|9 30978
|
| 610 |
1 |
|
|a открытые работы
|
| 610 |
1 |
|
|a шахты
|
| 610 |
1 |
|
|a рудники
|
| 610 |
1 |
|
|a заряды
|
| 610 |
1 |
|
|a подземные работы
|
| 610 |
1 |
|
|a детонаторы
|
| 675 |
|
|
|a 622.23.05
|v 3
|
| 702 |
|
1 |
|a Светлов
|b Б. Я.
|4 220
|
| 712 |
0 |
2 |
|a Академия наук СССР (АН СССР)
|b Институт горного дела им. А. А. Скочинского (ИГД)
|c (Люберцы)
|2 stltpush
|3 (RuTPU)RU\TPU\col\11351
|
| 801 |
|
1 |
|a RU
|b 63413507
|c 20140418
|
| 801 |
|
2 |
|a RU
|b 63413507
|c 20151103
|g RCR
|
| 942 |
|
|
|c BK
|